[Event "American Continental 2nd"]
[Site "Buenos Aires"]
[Date "2003.08.23"]
[Round "6"]
[White "Dolezal, Cristian"]
[Black "Kaidanov, Gregory S"]
[Result "0-1"]
[WhiteElo "2410"]
[BlackElo "2638"]
[Annotator "Finkel,A"]
[PlyCount "56"]
[EventDate "2003.08.17"]
[EventType "swiss"]
[EventRounds "11"]
[EventCountry "ARG"]
[SourceTitle "CBM 097"]
[Source "ChessBase"]
[SourceDate "2003.11.11"]
[SourceVersion "1"]
[SourceVersionDate "2003.11.11"]
[SourceQuality "1"]

1. e4 e6 2. Nc3 d5 3. d4 Bb4 4. e5 Ne7 5. Bd2 b6 {Kaidanov doesn't want to
test white's theoretical knowladge so he opts for solid set up demanding from
both sides long-term strategical thinking.} 6. Nf3 (6. Nb5 $5 Bxd2+ 7. Qxd2 O-O
) (6. f4 Bxc3 7. Bxc3 Ba6 8. Ne2 c5 9. Qd2 Nbc6 10. O-O-O Qc7 11. g4 g6 12. Bg2
h5 13. h3 O-O-O $132 {Makropoulou,M-Moutousis,K/Aegina op/1994}) (6. a3) 6...
c5 7. Nb5 (7. a3 Bxc3 8. Bxc3 a5 9. Bd3 Ba6 10. O-O Bxd3 11. Qxd3 Nf5 12. Qb5+
Nd7 13. b4 cxd4 14. Nxd4 Nxd4 15. Bxd4 O-O $11 {Ballester,A-Laurain,D/France
2000}) 7... Bxd2+ 8. Qxd2 O-O 9. c3 (9. Nd6 Ba6 10. Bxa6 Nxa6 11. Ng5 Nf5 12.
Nxf5 exf5 13. f4 Nc7 14. O-O Qd7 15. a4 Ne6 16. Nf3 Rac8 $11 {De Dovitiis,
A-Rojas,L/Villa del Parque 1998}) 9... Ba6 (9... f6 10. exf6 Rxf6 11. Bd3 Ba6
12. a4 c4 13. Bc2 Bxb5 14. axb5 Qe8 15. O-O Nd7 16. Rfe1 Nc8 17. Qg5 $13 {
De la Riva Aguado,O-Grabowski,A/Odessa 1990}) 10. Be2 (10. a4 Nbc6 11. b4 f6
12. exf6 Rxf6 13. Be2 Ng6 14. O-O Qe7 15. Rab1 Raf8 $17 {Alexikov,A-Eschenko,V/
Polanica Zdroj 1998}) 10... Nbc6 {It's pretty obvious that black is doing ok
after the opening.} (10... Qd7 11. Nd6 Bxe2 12. Qxe2 Nc8 13. Nxc8 Rxc8 14. O-O
Nc6 15. Rfc1 cxd4 16. cxd4 Na5 $11 {Tringov,G-Uhlmann,W/Sinaia 1964}) 11. O-O
Ng6 12. Qe3 Qe7 13. g3 {Taking square f4 under control, but weakening the
position of the knight on f3 which proves to be crucial.} f6 14. Rfe1 Rad8 $5 (
14... fxe5 15. Nxe5 Ngxe5 16. dxe5 Bxb5 17. Bxb5 Qc7) 15. exf6 Qxf6 16. dxc5
bxc5 17. Qxc5 e5 18. Rad1 Nge7 {White pieces desperately lack coordination so
black is in no hurry to start an attack.} 19. Nh4 (19. Rf1 Rc8 20. Rxd5 Nb8 21.
Qd6 Qxd6 22. Rxd6 Bxb5 23. Bxb5 Rxf3 $17) 19... g5 20. Ng2 Kh8 21. a4 (21. Nxa7
$6 Nd4 22. cxd4 (22. Bxa6 Nf3+ 23. Kh1 Qh6 24. h4 Qe6 25. Nf4 gxf4 26. Bf1 Nxe1
27. Rxe1 fxg3 $19) 22... Qxf2+ 23. Kh1 Bxe2 24. Qxe7 (24. Rc1 Bf3 25. Rg1 Nf5
$19) 24... Rde8 25. Qxg5 Bxd1 26. Rxd1 Qf1+ 27. Rxf1 Rxf1#) 21... d4 $1 $44 {
[%csl Rf2] Signal for the attack.} 22. cxd4 (22. f3 $5) 22... exd4 (22... Qxf2+
$5 23. Kh1 exd4 24. Bd3 Qf6 $15) 23. h4 $6 (23. f4 $13) 23... gxh4 24. Nxh4 Rg8
$40 25. Ng2 Bb7 26. Qh5 a6 27. Na3 Ne5 28. Qh4 Qc6 $17 (28... Qc6 29. Qh3 N7g6)
0-1

[Event "Olympiad-34"]
[Site "Istanbul"]
[Date "2000.11.06"]
[Round "9.3"]
[White "Sadvakasov, Darmen"]
[Black "Zaja, Ivan"]
[Result "1-0"]
[WhiteElo "2509"]
[BlackElo "2513"]
[Annotator "Finkel,A"]
[PlyCount "65"]
[EventDate "2000.10.28"]
[EventType "team-swiss"]
[EventRounds "14"]
[EventCountry "TUR"]
[SourceTitle "EXT 2001"]
[Source "ChessBase"]
[SourceDate "2000.11.22"]
[SourceVersion "1"]
[SourceVersionDate "2000.11.22"]
[SourceQuality "1"]
[WhiteTeam "Kazakhstan"]
[BlackTeam "Croatia"]
[WhiteTeamCountry "KAZ"]
[BlackTeamCountry "CRO"]

1. e4 e6 2. d4 d5 3. Nc3 Bb4 4. e5 Ne7 5. a3 Bxc3+ 6. bxc3 b6 7. Qg4 Ng6 (7...
Nf5 $6 8. Bd3 h5 9. Qh3 g5 10. g4 Nh4 11. gxh5 f5 12. exf6 Qxf6 13. Qg4 Rg8 14.
f4 $16) 8. h4 h5 9. Qd1 Ba6 (9... Nxh4 10. g3 Ng6 11. Rxh5 Rxh5 12. Qxh5 Ba6
13. Bg5 $16) 10. Bxa6 (10. Bg5 f6 $2 11. exf6 gxf6 12. Bxa6 Nxa6 13. Qd3 $18)
10... Nxa6 11. Bg5 (11. a4 Nb8 12. a5 Nc6 13. axb6 cxb6 14. Ne2 Na5 15. Ng3 Qc7
16. Ra3 Nc4 17. Rb3 a5 $17 {Van der Worm,T-Rogers,I/Biel op/1992/}) (11. Nf3
Qd7 12. a4 Nb8 13. O-O Nc6 14. Bg5 Na5 15. Nd2 Ne7 16. Bxe7 Qxe7 17. g3 g6 $15
{Pietzsch,W-Byrne,R/Sarajevo/1967/}) 11... Qd7 (11... Qc8 12. Ne2 c5 13. O-O
cxd4 14. cxd4 Qc4 15. Ng3 Nb8 16. f4 Ne7 17. Bxe7 Kxe7 18. f5 {Renet,
O-Apicella/Clichy/1993/}) 12. Ne2 Qc6 (12... Qa4 13. Rh3 $1 (13. Rh3 Ne7 14.
Nf4 g6 15. Qd2 Kd7 16. Bxe7 Kxe7 17. Rf3 Raf8 18. Nh3 c5 19. Ng5 $16 {Ivkov,
B-Byrne,R/Varna ol/1962/})) (12... c5) (12... Nb8 13. Ng3 Qc6 14. Qf3 $6 Nd7
15. Bd2 Qa4 16. Nxh5 Rh7 $1 17. Rc1 (17. Kd1 c5 $40) 17... c5 $15 {Khalifman,
A-Ehlvest,J/Keres mem 1993}) (12... Ne7 13. Nf4 O-O-O (13... g6 14. Bf6 (14. a4
Nb8 15. a5 Qc6 16. Qd2 Nd7 17. f3 Nf8 18. Bf6 $14 {Skripchenko,A-Mainka,G/GM
2000}) 14... Rg8 15. Nh3 Qc6 16. Qd2 Nf5 17. Ng5 Nb8 18. O-O $14 {Nunn,
J-Gdanski,J/Bundesliga 1999-2000}) 14. Nxh5 $16 {Dolmatov,S-Panno,O/Palma de
Mallorca/1989/}) (12... Nf8 13. Nf4 Qc6 14. Kd2 g6 15. g4 hxg4 16. h5 Kd7 17.
Qxg4 Qc4 18. Rh3 Re8 19. Rah1 Kc8 $10 {Rodriguez,A-Ivkov,B/Cambados/1990/}) 13.
O-O (13. f4 $5 Ne7 14. Bxe7 Kxe7 15. f5 $1 $36 {[%cal Ge1g1,Gh1f1,Ge2f4]
Ginzburg,M-Rodriguez,A/Clarin GP f 1998}) 13... Nf8 {In this game black's
manouvres with his knights are not very impressive and white manages with
accurate and strong play to get the decisive advantage very quickly.} (13...
Ne7 14. Bxe7 (14. Qd2) 14... Kxe7 15. a4 Nb8 16. Qd2 Kf8 17. a5 Kg8 18. Rfe1
$14 {Groszpeter,A-Kelecevic,N/12th Open 2000}) (13... Nb8 14. f4 Nf8 (14... Nd7
15. Qd3 $1 Ndf8 16. f5 $1 exf5 17. Rxf5 Ne6 18. Raf1 $16 {Portisch,L-Ivkov,B/
Zagreb 1965 (29) Pachman}) 15. f5 Nbd7 16. Qd3 g6 17. fxg6 Nxg6 18. Nf4 $16 {
Giaccio,A-Madina,M/Clarin GP1 Boca Juniors 1997}) (13... Kd7 14. f4 Raf8 15. f5
exf5 16. Qd3 Nb8 17. Rxf5 $16 {Abramovic-Lputian,S/Erevan/1982/}) 14. Qd3 Nb8
$6 (14... Qa4) 15. Qf3 $1 {[%csl Rf7]} Nbd7 $6 16. a4 a5 17. Rfe1 Qc4 18. Ng3
g6 19. Nf1 Nh7 20. Bd2 Qa6 21. Ne3 $16 {[%cal Gc3c4] Black can't prevent c4
and his position becomes hopeless in a few moves.} Nhf8 (21... c5 22. Nxd5 $1 (
22. Rab1 $5) 22... exd5 23. Qxd5 Nhf8 (23... O-O-O 24. Qxf7 $18 {[%cal Ge5e7]})
24. Qd6 $16 {[%cal Gd2g5,Gd4d5,Ge5e6]}) 22. c4 $1 dxc4 23. Nxc4 O-O-O 24. Na3
Nb8 25. Nb5 $1 Rd7 {[%csl Rf7]} 26. c4 Qb7 27. Qb3 {[%csl Rb7,Rb8,Rf8,Rh8]} Nh7
28. Rac1 Nc6 (28... Rhd8 29. Be3 (29. d5 Na6) 29... Nc6 30. d5 Nb4 31. c5 $16)
29. d5 Nd8 30. Be3 Kb8 31. Qc3 Re8 (31... exd5 32. e6 $18 {[%cal Gc3h8,Ge6d7]})
32. c5 $1 exd5 33. cxb6 1-0

[Event "ARM-ch"]
[Site "Yerevan"]
[Date "1999.10.16"]
[Round "1"]
[White "Khachiyan, Melikset"]
[Black "Akobian, Varuzhan"]
[Result "1/2-1/2"]
[WhiteElo "2480"]
[BlackElo "2387"]
[Annotator "Finkel,A"]
[PlyCount "49"]
[EventDate "1999.10.16"]
[EventType "tourn"]
[EventRounds "11"]
[EventCountry "ARM"]
[EventCategory "10"]
[SourceTitle "CBM 074"]
[Source "ChessBase"]
[SourceDate "2000.02.01"]
[SourceVersion "1"]
[SourceVersionDate "2000.02.01"]
[SourceQuality "1"]

1. e4 e6 2. d4 d5 3. Nc3 Bb4 4. e5 Qd7 5. a3 Bxc3+ 6. bxc3 b6 7. Qg4 f5 8. Qg3
Ba6 9. Bxa6 Nxa6 10. Ne2 Nb8 11. Nf4 (11. h4 $5 Nc6 12. Bg5 h6 13. Bc1 Qf7 14.
Nf4 Nge7 15. h5 Na5 16. a4 Kd7 17. Ba3 $36 {Kamsky,G-Seirawan,Y/Tilburg 1990})
11... Kf7 (11... Nc6 12. Nxe6 (12. O-O g6 13. a4 Qf7 14. c4 O-O-O 15. cxd5 exd5
16. a5 $36 {Landenbergue,C-Uhlmann,F/SWZ-chT 1993}) (12. h4 O-O-O 13. Nh5 Qf7
14. Nf4 Nge7 15. a4 Na5 16. Nd3 Nec6 $132 {Hartikainen,M-Lindstedt,J/FIN-ch
1993}) 12... Qxe6 13. Qxg7 Qg6 14. Qxh8 O-O-O (14... Nd8 15. e6 Nf7 16. exf7+
Kxf7 17. O-O Re8 18. Bg5 $1 Nh6 19. Qf6+ $18) 15. Be3 (15. O-O Re8 16. h4 $1
Nd8 {[%cal Gd8f7]} 17. e6 $1 $16 {Psakhis,L-Krays,A/Rishon Le Zion 9798}) (15.
Kf1 $5 Rd7 16. h4 Rg7 17. g4 Nd8 18. Rg1 fxg4 19. h5 $16 {Callaghan,R-Blechar,
M/cr 1985}) (15. Bd2 f4 (15... Rd7 16. O-O-O h5 17. g4 fxg4 18. f4 Nce7 19. e6
Rd8 20. f5 $16 {Krakops,M-Del Rio Angelis,G/EU-chJM U20 1996}) 16. O-O-O Na5
17. c4 Nxc4 18. Bxf4 Re8 19. Rd3 Qxg2 $132 {Joachim,S-Behrens,H/OL-NW9798})
15... Rd7 16. c4 (16. O-O-O f4 $1 17. Bxf4 h6 18. h4 Rh7 19. h5 Qf7 $19 20. e6
$140 Qxf4+) 16... f4 17. cxd5 Rxd5 18. O-O-O fxe3 19. fxe3 Kb7 20. Rhf1 Qg5 $13
{Jacoby,F-Lieb,H/BL2-N 1993}) (11... g6 $6 12. h4 $1 Ne7 13. h5 Rg8 14. hxg6
hxg6 15. Qg5 Nbc6 16. Qf6 O-O-O 17. Nxe6 $16 {Debbage,I-Roberts,M/Smith &
Williamson 1998}) 12. Qf3 $5 (12. h4 Ne7 13. h5 Rf8 14. Nh3 Nbc6 15. Bg5 h6 16.
Bxe7 Nxe7 17. Nf4 Rac8 18. O-O Kg8 $132 {Spacek,L-Juricek,S/Vsetin op 1997})
12... Ne7 13. Qh5+ ({Serious attention deserved} 13. c4 c6 (13... Nbc6 14. cxd5
Nxd5 15. c3 Nxf4 16. Bxf4 Qd5 17. Qh5+ Kg8 18. O-O $14) 14. cxd5 cxd5 15. Qh5+
Kg8 16. a4 Nbc6 17. c3 Na5 18. Ba3 Nc4 19. O-O $13 {with extremly complicated
position.}) 13... Kg8 14. Rg1 $6 {Trying to break the position of black pieces
with streightforward actions.} Nbc6 15. g4 Rf8 16. a4 (16. gxf5 Nxf5 17. Qg4
Nce7 18. a4 $13) 16... Ng6 $1 $132 {Strong continuation permitting black to
sieze the initiative.} 17. Nxg6 (17. gxf5 Rxf5 18. Qg4 Nxf4 19. Bxf4 Qf7 20.
Be3 Ne7 $15 {[%cal Gh7h6,Gg8h7,Gh8f8]}) 17... hxg6 18. Qxg6 Rxh2 19. Bf4 Rh3 (
19... Rh4) 20. Kd2 Qf7 $5 ({Even better was} 20... Na5 $1 21. Rg3 (21. Rh1 $6
Nc4+ 22. Ke2 fxg4 $1 (22... Rxc3 23. Qh7+ Kf7 24. Qh5+ $11) 23. Qxg4 Rxc3 24.
Qh4 Rxc2+ 25. Kd1 Rb2 26. Qh8+ Kf7 27. Qh5+ g6 28. Qh7+ Ke8 29. Qxg6+ Qf7 $19)
21... Nc4+ 22. Ke2 Rxg3 23. fxg3 Qf7 24. gxf5 Qxf5 25. Qxf5 Rxf5 $15 {in both
cases with better prospects for black.}) 21. gxf5 Qxg6 {[%cal Gf8f4]} 22. Rxg6
Rxf5 23. Be3 Kf7 24. Rag1 Rh7 25. c4 (25. c4 dxc4 (25... Ne7 26. cxd5 $1 Nxg6
27. dxe6+ Kxe6 28. Rxg6+ Kd7 29. Kd3 $13) 26. Kc3 Na5 $15) 1/2-1/2

[Event "Ubeda op 5th"]
[Site "Ubeda"]
[Date "2000.01.24"]
[Round "6"]
[White "Wohl, Aleksandar H"]
[Black "Karatorossian, David"]
[Result "0-1"]
[WhiteElo "2438"]
[BlackElo "2345"]
[Annotator "Finkel,A"]
[PlyCount "72"]
[EventDate "2000.01.19"]
[EventType "swiss"]
[EventRounds "10"]
[EventCountry "ESP"]
[SourceTitle "CBM 075"]
[Source "ChessBase"]
[SourceDate "2000.04.05"]
[SourceVersion "1"]
[SourceVersionDate "2000.04.05"]
[SourceQuality "1"]

1. e4 e6 2. d4 d5 3. Nc3 Bb4 4. e5 b6 5. Bd2 Qd7 6. Bb5 {An interesting idea,
developed recently by Short and Chandler. The aim is to cross Black's plan of
exchanging white-squared bishops by hiding the bishop on a4. Although White
loses time, this plan is not easy to meet.} c6 7. Ba4 a5 8. a3 Bf8 {Some other
games have continued 8...Bxc3 9 Bxc3 Ba6 10 Bd2 with the idea of c3, Ne2 and
Bc2 retrieving the white-squared bishop from its offside position.} 9. Nce2 {
After c3,Bc2,Nf3 and 0-0 White's development proceeds smoothly, he has avoided
the exchange of bishops and his centre is intact. Although Bb5-a4-c2 may
appear to lose time Black has played ...Bb4-f8 which is just as bad.} Ba6 (9...
Ne7 10. Nf3 Na6 11. c3 Nc7 12. O-O Ba6 13. Bc2 a4 14. Re1 Bb5 15. Ng3 (15. Nf4
g6 16. Ne2 h6 17. Bf4 c5 $13 {Mifsud,T-Temirbaev,S/Moscow olm 1994/EXP 44})
15... h6 16. Nh5 Kd8 17. Nh4 Kc8 18. f4 Kb7 19. g4 $36 {Voitsekhovsky,
S-Temirbaev,S/RUS-Cup10 1997}) 10. c3 Ne7 (10... Bb5 11. Bc2 c5 (11... a4 12.
Nf3 c5 13. O-O Nc6 14. Re1 Na5 15. Be3 Nc4 16. Nd2 Nxd2 17. Qxd2 $14 {Jonsson,
B-Bergsson,S/Reykjavik op 1993}) 12. Nf3 Nc6 13. O-O Nge7 14. Re1 Nc8 15. Nf4
g6 16. Be3 $14 {Kindermann,S-Sahovic,D/Biel op 1990}) 11. Nf3 (11. Bc2 c5 12.
f4 h5 13. Nf3 Nbc6 14. Be3 Nf5 15. Qd2 g6 16. g3 Rc8 $13 {Grund,H-Doettling,F/
Bodensee Cup 1995}) 11... h6 (11... Qb7 12. O-O Nd7 13. Re1 c5 14. dxc5 bxc5
15. b4 Nc6 16. Be3 Bb5 $13 {Smikovski,I-Danielian,O/Moscow-A 1996}) (11... Nf5
12. O-O Be7 13. Re1 Bxe2 14. Qxe2 Na6 15. Bc2 Nc7 16. a4 $14 {Nunn,J-Huebner,R/
OHRA-A 1986 (31)}) (11... Bb5 12. Bc2 a4 13. O-O c5 14. Be3 Nec6 15. Re1 Na5
16. Nf4 Nc4 17. Rb1 $14 {Roth,P-Topakian,R/AUT-chT9697}) 12. Bc2 c5 13. O-O
Nbc6 14. Re1 g6 15. b4 $5 $14 {White has some advantage in space so his
chanses are slightly better.} (15. dxc5 bxc5 16. b4 Bg7 17. Ba4 Rb8 18. bxc5
Bb5 $13) 15... Bg7 16. Ng3 (16. Nf4 $5) 16... cxd4 17. cxd4 Bc4 18. b5 $6 ({
Better was} 18. Rb1 $5 axb4 19. axb4 b5 20. Be3 h5 21. h4 O-O 22. Ng5 $36 {
with dangerous initiative.}) 18... Bxb5 19. Rb1 Bc4 20. Rxb6 O-O 21. Qc1 $6 {
Preparing the sacrifice of the rook!} Qa7 22. Bxh6 $2 {And now commiting the
suicide!Black easily defends and remains with a rook up.} (22. Qb2 Nb4 23. Rd6
Nxc2 24. Qxc2 Rfc8 $15 {[%cal Ge7c6,Gg7f8]}) 22... Qxb6 23. Bxg7 Kxg7 24. Nh5+
gxh5 25. Qg5+ Ng6 26. Qf6+ Kg8 27. Bxg6 Qd8 $1 $19 (27... fxg6 28. Qxg6+ Kh8
29. Qh6+ $11) 28. Bh7+ Kxh7 29. Ng5+ Kg8 30. Qh6 Bd3 $1 {[%csl Gh7]} 31. Re3
Qb6 $1 32. h3 h4 33. Qxh4 Bg6 34. Qh6 Nxd4 35. Nh7 Qb1+ 36. Kh2 Bxh7 0-1

[Event "Petrov Memorial op"]
[Site "St Petersburg"]
[Date "1996.??.??"]
[Round "4"]
[White "Kruppa, Yuri"]
[Black "Alekseev, Vadim"]
[Result "1-0"]
[WhiteElo "2580"]
[BlackElo "2355"]
[Annotator "Ftacnik,L"]
[PlyCount "61"]
[EventDate "1996.02.??"]
[EventType "swiss"]
[EventRounds "9"]
[EventCountry "RUS"]
[SourceTitle "CBM 052"]
[Source "ChessBase"]
[SourceDate "1996.06.01"]
[SourceVersion "1"]
[SourceVersionDate "1996.06.01"]
[SourceQuality "1"]

1. e4 e6 2. d4 d5 3. Nc3 Bb4 4. e5 b6 5. a3 Bf8 6. Nf3 c6 7. g3 Ba6 8. Ne2 Qd7
9. Bh3 Ne7 10. O-O Ng6 11. Re1 Be7 12. Bg2 c5 13. h4 h5 14. c3 Nc6 15. b4 c4
16. Ng5 Bf8 17. Kh2 Nge7 18. Nf4 g6 19. Bh3 Nd8 20. a4 b5 21. Qf3 Qc6 22. axb5
Bxb5 {[#]} 23. Nxf7 $1 Kxf7 (23... Nxf7 24. Bxe6 Nd8 25. Nxg6 Qxe6 26. Nxh8 $18
) 24. Nxe6+ Ke8 (24... Nf5 25. Nxd8+ Rxd8 26. Bxf5 gxf5 27. Qxf5+ Ke8 28. e6
$18) 25. Qf6 Rg8 26. Bg5 Nxe6 (26... Qb7 27. Nc5 Qb8 28. Qd6 Rg7 29. Bd7+ Bxd7
30. Qxd7+ Kf7 31. Bxe7 Bxe7 32. Qxd5+ $18) 27. Bxe6 Rg7 28. Re3 (28. Bh6 Ng8
29. Bxg8 Rxg8 30. e6 Qc7 31. Bxf8 Rxf8 32. Qxg6+ $18) 28... Ng8 (28... a6 29.
Rf3 $18) 29. Bxg8 Rxg8 (29... Qxf6 30. exf6+ $18) 30. e6 Rg7 (30... Qc7 31. e7
$18) 31. Bh6 (31. Bh6 Qc7 32. e7 $18) 1-0

[Event "URS-ch45 Final"]
[Site "Leningrad"]
[Date "1977.12.18"]
[Round "13"]
[White "Tal, Mihail"]
[Black "Petrosian, Tigran V"]
[Result "1/2-1/2"]
[WhiteElo "2620"]
[BlackElo "2645"]
[Annotator "Ftacnik,L"]
[PlyCount "81"]
[EventDate "1977.11.29"]
[EventType "tourn"]
[EventRounds "15"]
[EventCountry "URS"]
[EventCategory "12"]
[SourceTitle "URS-ch"]
[Source "ChessBase"]
[SourceDate "1999.07.01"]
[SourceVersion "1"]
[SourceVersionDate "1999.07.01"]
[SourceQuality "1"]

1. e4 e6 2. d4 d5 3. Nc3 Bb4 4. e5 b6 5. Qg4 Bf8 (5... Kf8 6. Nh3 c5 7. a3
Bxc3+ 8. bxc3 Qc7 9. Bd2 Ba6 10. Bd3 $16 {(Matanovic)}) 6. Nf3 (6. Nh3 $5) 6...
Qd7 7. a4 {?! Tal} Nc6 (7... Ba6 $6 8. Nb5 c6 9. Nd6+ $16 {(Petrosian)}) (7...
c6 8. a5 $1 Ba6 9. Bxa6 Nxa6 10. axb6 axb6 11. O-O Kd8 12. Bd2 Kc7 13. Na4 g6
14. c4 $1 {Lombardy-Strauss 1964}) 8. Bd2 $6 (8. Be2 Nb4 $5 {(Tal 77)}) (8. Bb5
$6 a6 9. Be2 Nb4 10. Bd1) (8. Nb5 Nb4 9. Na3 Ba6 10. Bxa6 Nxa6 11. b3 $5) 8...
Nge7 (8... Nb4 9. Rc1 $16 {(Petrosian)}) 9. Be2 $6 (9. Nd1) (9. Ne2) 9... Nf5
$1 $10 10. O-O h5 11. Qf4 g6 $1 $15 (11... g5 $6 12. Qxg5 (12. Nxg5 Ncxd4 13.
Bd3 $13 {Tal}) 12... Bh6 13. Qxh5 {(Petrosian)}) 12. Bb5 Bh6 (12... a6 $5 13.
Bxc6 Qxc6 $15 {(Tal 77)} 14. Rac1 Bh6 15. Ng5 Qc4 $17) 13. Ng5 Nfxd4 (13... a6
$5) 14. Rad1 $1 (14. Nxd5 $5 exd5 15. e6 $1 Nxe6 $1 16. Bxc6 Nxf4 17. Bxd7+
Kxd7 $1 {(Tal)}) 14... Kf8 $2 $16 (14... O-O 15. Qxd4 Nxd4 16. Bxd7 Bxd7 17.
Nxe6 $1 fxe6 (17... Bxd2 18. Nxf8 $14 {(Tal 77)}) 18. Bxh6 Nxc2 $13 {
(Petrosian)}) (14... a6 15. Bxc6 Nxc6 16. Qf6 O-O 17. Nf3 $13 {(Petrosian)}) (
14... Bb7 $5 15. Qxd4 Nxd4 16. Bxd7+ Kxd7 17. Nxf7 Bxd2 $10) 15. Bxc6 $1 (15.
Nce4 $2 dxe4 $1 16. Bb4+ Nxb4 $19 {(Tal 77)}) 15... Nxc6 16. Nce4 $1 $16 {
(Tal 77)} Bxg5 17. Nxg5 Ba6 18. Rfe1 Kg8 19. b4 $1 Bc4 (19... b5 20. c4 $1 {
(Tal 77)}) 20. b5 Nd8 21. Bb4 Qe8 22. Re4 {! Matanovic, Tal; ?!(Petrosian} (22.
Qxc4 dxc4 23. Ne4 Kg7 24. Nf6 c5 $3 25. Nxe8+ Rxe8 26. Bc3 a6 {Tal}) 22... Bxb5
$1 (22... Ba2 $5 23. Re3 Bc4 24. Qxc4 $5 (24. h4 $5 Ba2 25. Rg3 $16 {(Tal 77)})
24... dxc4 25. Ne4 $16 {(Tal 77)}) (22... dxe4 $2 23. Nxe4 $18) 23. axb5 dxe4
24. c4 $1 (24. Nxe4 Qxb5 $13 {(Petrosian)}) 24... c5 25. Nxe4 Qf8 (25... cxb4
26. Nf6+ Kg7 27. Nxe8+ $18 {(Tal 77)}) 26. Nf6+ $6 (26. Bc3 $1 Qh6 27. Ng5 $18
{(Tal 77)}) 26... Kg7 27. Bc3 (27. Be1 $1 Nb7 28. Nd7 $1 $18 {(Petrosian)})
27... Nb7 28. Qf3 $1 (28. Rd7 Rd8 $1 29. Rxb7 $2 Rd1+ {(Petrosian)}) 28... Na5
(28... Rd8 $2 29. Nd7 $1 {(Tal)}) 29. Rd7 Rd8 (29... Nxc4 30. Ne4 $18 {(Tal 77)
}) 30. Rxa7 (30. Nxh5+ $5 Kg8 $13) 30... Nxc4 31. h4 Ra8 32. Nxh5+ $2 (32. Rb7
$1 {Zugzwang!} Rb8 (32... Ra3 33. Ne4 Rxc3 34. Qf6+ $18 {(Tal 77)} Kg8 35. Nxc3
) 33. Nd7 $18 {(Tal 77)}) 32... gxh5 33. Qf6+ Kg8 34. Qg5+ Kh7 35. Qxh5+ Kg8
36. Qg5+ Kh7 37. Qh5+ Kg8 38. Qg4+ Kh7 39. Qe4+ Kg7 40. Qg4+ Kh7 41. Qe4+
1/2-1/2

[Event "Donner Memorial-B"]
[Site "Amsterdam"]
[Date "1994.??.??"]
[Round "1"]
[White "Gligoric, Svetozar"]
[Black "Smyslov, Vassily V"]
[Result "0-1"]
[WhiteElo "2445"]
[BlackElo "2510"]
[Annotator "Ftacnik,L"]
[PlyCount "104"]
[EventDate "1994.08.??"]
[EventType "tourn"]
[EventRounds "9"]
[EventCountry "NED"]
[EventCategory "8"]
[SourceTitle "CBM 043"]
[Source "ChessBase"]
[SourceDate "1994.12.01"]
[SourceVersion "1"]
[SourceVersionDate "1994.12.01"]
[SourceQuality "1"]

1. d4 e6 2. e4 d5 3. Nc3 Bb4 4. e5 Qd7 5. a3 Bxc3+ 6. bxc3 b6 7. a4 Ba6 8. Bxa6
Nxa6 9. Qd3 $6 (9. Qg4 f5 10. Qh5+ g6 11. Qe2 Nb8 12. h4 h6 13. Nh3 Nc6 14. Nf4
Nge7 15. g4 $1 O-O-O 16. gxf5 gxf5 17. Ba3 Rdg8 18. Nh5 Na5 19. Bb4 $14 {
Timman,J-Planinc/Banja Luka/1974/}) 9... Nb8 10. Ne2 (10. h4 Nc6 11. Nf3) 10...
Ne7 11. Nf4 g6 12. h4 Nbc6 13. h5 g5 $1 (13... O-O-O 14. Rb1 $13) 14. Ne2 h6
15. Ba3 $6 (15. f4 $5 gxf4 (15... g4 16. Rh4) 16. Nxf4 $13) 15... Na5 16. O-O
Nc4 17. Bxe7 Qxe7 18. f4 gxf4 19. Nxf4 Qg5 20. Rf2 $6 (20. Rf3 O-O-O 21. Raf1)
20... Rg8 21. Raf1 O-O-O $17 22. Rf3 (22. Nh3 Qxh5 23. Rxf7 Rg4 $17) 22... Rg7
23. R1f2 Rdg8 24. Qf1 a5 $1 {xa4} 25. Qe1 Kb7 26. Qf1 Qh4 27. Rh3 Qe7 28. Qc1
Rg4 29. Nd3 Qf8 30. Rhf3 Qg7 31. Ne1 Re4 32. Nd3 (32. Rxf7 Qg5 33. Nd3 Qxh5 $17
) 32... Rh4 33. Ne1 (33. Rxf7 Qg3 $40) 33... Rf8 34. Rf6 Qg3 35. Nf3 Rxh5 36.
Rxh6 Rh8 $1 37. Rxh5 Rxh5 38. Rf1 Qg6 39. Kf2 f6 $1 40. exf6 Qxf6 41. Kg1 Qh8
$1 42. Re1 Nd6 43. Kf1 Ne4 44. Qe3 Qe8 $1 {xa4} 45. Nd2 Nxd2+ 46. Qxd2 Qxa4 47.
Rxe6 Qa1+ 48. Kf2 (48. Re1 Rh1+ 49. Kf2 Rxe1 50. Qxe1 Qxe1+ 51. Kxe1 a4 52. Kd2
Kc6 $19) 48... Rh1 49. Qg5 Rf1+ 50. Kg3 Qxc3+ 51. Qe3 Qxc2 52. Re5 Rd1 $1 (
52... Rd1 $1 53. Qf3 (53. Kh2 Qh7+ 54. Kg3 (54. Qh3 Qxh3+ 55. gxh3 Rxd4 $19)
54... Rd3 $19) 53... Rd3 54. Re3 Rxd4 $19) 0-1